| 000 -LEADER |
| fixed length control field |
00372nam a22001457a 4500 |
| 003 - CONTROL NUMBER IDENTIFIER |
| control field |
OSt |
| 005 - DATE AND TIME OF LATEST TRANSACTION |
| control field |
20200805122756.0 |
| 008 - FIXED-LENGTH DATA ELEMENTS--GENERAL INFORMATION |
| fixed length control field |
200805b ||||| |||| 00| 0 eng d |
| 020 ## - INTERNATIONAL STANDARD BOOK NUMBER |
| International Standard Book Number |
9783035618075 |
| 082 ## - DEWEY DECIMAL CLASSIFICATION NUMBER |
| Classification number |
720 |
| Item number |
LAM |
| 100 ## - MAIN ENTRY--PERSONAL NAME |
| Personal name |
Lamunière, Inès; Stalder, Laurent |
| 245 ## - TITLE STATEMENT |
| Title |
Teaching architecture : a dialogue |
| 260 ## - PUBLICATION, DISTRIBUTION, ETC. (IMPRINT) |
| Place of publication, distribution, etc |
2019 |
| Name of publisher, distributor, etc |
Birkauser |
| Date of publication, distribution, etc |
Berlin |
| 942 ## - ADDED ENTRY ELEMENTS (KOHA) |
| Source of classification or shelving scheme |
|